000 00733nam a2200229Ii 4500
003 JO-AjNU
008 230605s9999||||xx |||||||||||||| ||und||
017 _a1993/3646
020 _a2 - 0969 - 04 977
040 _aJO-AjNU
_bara
_erda
_cJO-AjNU
041 _aara
050 1 4 _aJX6311.2008
100 3 _a الشرقاوي ، محمود سعيد ، اعداد القليوبي ، محمد,
_eauthor
_932326
245 0 0 _aالقانون البحرى
250 _a(د،ط)
264 3 1 _aالقاهرة : دار النهضة العربية ، 2008
300 _a686ص
336 _atext
_btxt
_2rdacontent
337 _aunmediated
_bn
_2rdamedia
338 _avolume
_bnc
_2rdacarrier
650 4 _aقانون بحري
_932327
999 _aA13037
_c16605
_d16605